000 00561nam a22001577a 4500
999 _c61196
_d61196
005 20231229153337.0
008 231229s1976 ru ||||| |||| 00| 0 rus d
041 _arus
080 _a502.11 Б-68
100 _aБлаватский, В.Д.
_920141
245 _aПрирода и античное общество /
_cВ.Д. Блаватский.
264 _a М.:
_bНаука,
_c 1976.
300 _a78 с.:
_bил.;
_c22 см.
653 _aბუნება და უძველესი საზოგადოება
942 _2udc
_cᲬᲘᲒᲜᲘ